000 00428nam a2200145 a 4500
001 000038846
005 20201002031407.0
008 130430s2004 dr 000 0 spa d
020 _a999342367X
040 _aDO-SdBNP
_bspa
_cBNPHU
100 1 _aSánchez, Nicole
_954913
245 1 3 _aLa disolución del tiempo /
_cNicole Sánche.
260 _aSanto Domingo :
_bAmigo del Hogar,
_c2004.
300 _a45 p. :
_bil., retrs. ;
_c20 cm.
999 _c38336
_d38336